000 00607nam a22001577a 4500
008 170308b xxu||||| |||| 00| 0 eng d
082 _22016
_aUT 0725
_bF95
100 _919123
_aFuentes, Twinkle Sheen L.
245 _aSeaweed Diseases in Coastal Area of Sitio, Brgy. Cogon, Digos City.
_cTwinkle Sheen L. Fuentes, Loida F. Recorba and Mary Ann V. Rigos.
300 _a36 pages;
_b28 cm.
650 0 _919124
_aEducation
_vBiological Science
_xUndergraduate Thesis.
700 _919125
_aFuentes, Twinkle Sheen L.
700 _919126
_aRecorba, Loida F.
700 _919127
_aRigos, Mary Ann V.
942 _2ddc
_cUT
999 _c6361
_d6361